<?xml version="1.0" encoding="UTF-8"?>
<resp>
  <nextPage>https://data.bn.org.pl/api/networks/bibs.marcxml?marc=001+b0000640005444&amp;sinceId=640005445</nextPage>
  <collection>
    <record xmlns='http://www.loc.gov/MARC21/slim'><leader>01912nam a2200589 i 4500</leader><controlfield tag='001'>b0000640005444</controlfield><controlfield tag='005'>20260410130509.0</controlfield><controlfield tag='008'>180912s2011    pl a  a|||0 0 pol  nam i </controlfield><controlfield tag='009'>9912861198505606</controlfield><datafield ind1=' ' ind2=' ' tag='020'><subfield code='a'>9788326007545</subfield></datafield><datafield ind1=' ' ind2=' ' tag='035'><subfield code='a'>RAD_1RAD_1_78942-48omnis_rad</subfield></datafield><datafield ind1=' ' ind2=' ' tag='035'><subfield code='a'>RAD_1_78942</subfield></datafield><datafield ind1=' ' ind2=' ' tag='035'><subfield code='a'>(OCoLC)838088064</subfield></datafield><datafield ind1=' ' ind2=' ' tag='035'><subfield code='a'>(PL)b0000640005444</subfield></datafield><datafield ind1=' ' ind2=' ' tag='040'><subfield code='a'>RADZYŃ 002</subfield><subfield code='c'>RADZYŃ 002</subfield></datafield><datafield ind1='1' ind2=' ' tag='100'><subfield code='a'>Piekarska, Anna</subfield><subfield code='d'>(1956- )</subfield><subfield code='e'>Autor</subfield></datafield><datafield ind1='0' ind2='0' tag='245'><subfield code='a'>Straszydła i straszydełko /</subfield><subfield code='c'>Anna Piekarska ; ilustracje Izabela Rogowicz.</subfield></datafield><datafield ind1=' ' ind2=' ' tag='260'><subfield code='a'>Poznań :</subfield><subfield code='b'>Wydawnictwo Forum,</subfield><subfield code='c'>2011.</subfield></datafield><datafield ind1=' ' ind2=' ' tag='300'><subfield code='a'>24 strony :</subfield><subfield code='b'>ilustracje kolorowe ;</subfield><subfield code='c'>20 cm.</subfield></datafield><datafield ind1=' ' ind2=' ' tag='336'><subfield code='a'>Tekst</subfield><subfield code='b'>txt</subfield><subfield code='2'>rdacontent</subfield></datafield><datafield ind1=' ' ind2=' ' tag='337'><subfield code='a'>Bez urządzenia pośredniczącego</subfield><subfield code='b'>n</subfield><subfield code='2'>rdamedia</subfield></datafield><datafield ind1=' ' ind2=' ' tag='338'><subfield code='a'>Wolumin</subfield><subfield code='b'>nc</subfield><subfield code='2'>rdacarrier</subfield></datafield><datafield ind1=' ' ind2=' ' tag='380'><subfield code='a'>Książki</subfield></datafield><datafield ind1=' ' ind2=' ' tag='380'><subfield code='a'>Proza</subfield></datafield><datafield ind1=' ' ind2=' ' tag='385'><subfield code='m'>Grupa wiekowa</subfield><subfield code='a'>Dzieci</subfield></datafield><datafield ind1=' ' ind2=' ' tag='385'><subfield code='m'>Grupa wiekowa</subfield><subfield code='a'>6-8 lat</subfield></datafield><datafield ind1=' ' ind2=' ' tag='386'><subfield code='m'>Przenależność kulturowa</subfield><subfield code='a'>Litaratura polska</subfield></datafield><datafield ind1='1' ind2=' ' tag='388'><subfield code='a'>2001-</subfield></datafield><datafield ind1='1' ind2=' ' tag='490'><subfield code='a'>Bajkowe Wychowanie</subfield></datafield><datafield ind1=' ' ind2=' ' tag='500'><subfield code='a'>Patronat merytoryczny: Doradca Dyrektora Przedszkola.</subfield></datafield><datafield ind1=' ' ind2='7' tag='650'><subfield code='a'>Lęk</subfield><subfield code='2'>JHP BN</subfield></datafield><datafield ind1=' ' ind2='7' tag='650'><subfield code='a'>Uczennice i uczniowie</subfield><subfield code='2'>DBN</subfield></datafield><datafield ind1=' ' ind2='7' tag='650'><subfield code='a'>Wychowanie</subfield><subfield code='2'>DBN</subfield></datafield><datafield ind1=' ' ind2='4' tag='655'><subfield code='a'>Literatura dziecięca polska</subfield><subfield code='y'>21  w.</subfield><subfield code='2'>JHP BN</subfield></datafield><datafield ind1=' ' ind2=' ' tag='658'><subfield code='a'>Edukacja i pedagogika</subfield></datafield><datafield ind1='1' ind2=' ' tag='700'><subfield code='a'>Rogowicz, Izabela</subfield><subfield code='e'>Ilustracje</subfield></datafield><datafield ind1='2' ind2=' ' tag='710'><subfield code='a'>Wydawnictwo Forum</subfield><subfield code='e'>Wydawca</subfield><subfield code='4'>pbl</subfield></datafield><datafield ind1=' ' ind2='0' tag='830'><subfield code='a'>Bajkowe Wychowanie</subfield><subfield code='1'>t 2011007477</subfield></datafield><datafield ind1=' ' ind2=' ' tag='852'><subfield code='b'>48OMNIS_NETWORK</subfield><subfield code='8'>9912861198505606</subfield></datafield><datafield ind1=' ' ind2=' ' tag='920'><subfield code='a'>978-83-260-0754-5</subfield></datafield></record>
  </collection>
</resp>
